| 000 | 01042nam0a22002531 4500 | ||
|---|---|---|---|
| 001 | rc\763302 | ||
| 005 | 20220719144844.0 | ||
| 035 | _a(NLR Aleph) 006290752 | ||
| 090 |
_a7147182 _c7147182 |
||
| 100 | _a20040301d1985 u |0rusy50 ca | ||
| 101 | 0 | _arus | |
| 102 | _aRU | ||
| 105 | _ay ||||||||| | ||
| 200 | 1 |
_aПути повышения резистентности сельскохозяйственных животных _e(Сб. тр.) _fРосплемобъединение, Всерос. НИИ плем. дела _g[Науч. ред. Э.К. Бороздин] |
|
| 210 |
_aМ. _cВНИИплем _d1985 |
||
| 215 |
_a149, [1] с. _d21 |
||
| 702 | 1 |
_aБороздин _bЭ. К. _gЭдуард Константинович _4340 |
|
| 712 | 0 | 2 |
_aВсероссийский НИИ племенного дела _cпос. Лесные Поляны, Московская обл. _3RU\NLR\AUTH\8810014565 _4570 |
| 801 | 0 |
_aRU _bNLR _gpsbo |
|
| 801 | 1 |
_aRU _bELAR _2rusmarc |
|
| 852 |
_aNLR _j86-5/3921 |
||
| 942 | _cBOOK | ||
| 980 | _aNB | ||